Marie Calumet (Record no. 50346)

MARC details
000 -LEADER
fixed length control field 00441nam a2200133 a 4500
008 - FIXED-LENGTH DATA ELEMENTS--GENERAL INFORMATION
fixed length control field 120416s1976 ||||||||||||||||| || u
050 ## - LIBRARY OF CONGRESS CALL NUMBER
Classification number PS 8463.17M313 Gir
100 ## - MAIN ENTRY--PERSONAL NAME
Personal name Girard, Rodolphe
245 10 - TITLE STATEMENT
Title Marie Calumet
260 ## - PUBLICATION, DISTRIBUTION, ETC.
Place of publication, distribution, etc. Montreal
Name of publisher, distributor, etc. Harvest House
Date of publication, distribution, etc. 1976
300 ## - PHYSICAL DESCRIPTION
Extent 167p.
350 ## - PRICE (NR) (BK AM CF MU VM SE) [OBSOLETE]
Price 0.00
995 ## - RECOMMENDATION 995 [LOCAL, UNIMARC FRANCE]
-- 0.00
-- CBU-MAIN LIBRARY (Kitwe)
-- 1
-- 0.00
-- 1
-- AVAILABLE
-- Fiction Collection
Holdings
Withdrawn status Lost status Source of classification or shelving scheme Damaged status Not for loan Home library Current library Shelving location Date acquired Total Checkouts Full call number Barcode Date last seen Price effective from Koha item type
          CBU-MAIN LIBRARY, KITWE. CBU-MAIN LIBRARY, KITWE.   11/30/2022   PS 8463.17M313 Gir 011222 11/30/2022 11/30/2022 MONOGRAPH